Manual para elaborar el proyecto educativo de la institución escolar /
Guía para la elaboración del proyecto educativo de una institución escolar, aplicable en su totalidad o parcialmente a los niveles de primaria, secundaria y educación media superior y estructurada en los siguientes capítulos: 1. ¿Qué es el proyecto educativo? 2. Metodología de trabajo. 3. Marco de r...
Guardado en:
| Hovedforfatter: | |
|---|---|
| Format: | Bog |
| Sprog: | spansk |
| Udgivet: |
México :
Plaza y Janés : Universidad La Salle,
2005, c2005
|
| Serier: | (Educación Plaza y Janés)
|
| Fag: | |
| Tags: |
Ingen Tags, Vær først til at tagge denne postø!
|
MARC
| LEADER | 00000nam^a2200000^a^4500 | ||
|---|---|---|---|
| 001 | 000187675 | ||
| 005 | 20250521000000.0 | ||
| 009 | 20260310102310.55 | ||
| 020 | |a 970-722-418-5 | ||
| 037 | |a Acervo ITESO - Biblioteca | ||
| 041 | |a ESP | ||
| 082 | |a 371. 207 |b ALO | ||
| 100 | |a Alonso A., José María |e (autor) | ||
| 245 | 1 | 0 | |a Manual para elaborar el proyecto educativo de la institución escolar / |c J.M. Alonso A. |
| 264 | 4 | |a México : |b Plaza y Janés : |b Universidad La Salle, |c 2005, c2005 | |
| 300 | |a 298 p. | ||
| 336 | |a texto |b txt |2 rdacontenido | ||
| 337 | |a sin mediación |b n |2 rdamedio | ||
| 338 | |a volumen |b nc |2 rdasoporte | ||
| 440 | 1 | |a (Educación Plaza y Janés) | |
| 520 | |a Guía para la elaboración del proyecto educativo de una institución escolar, aplicable en su totalidad o parcialmente a los niveles de primaria, secundaria y educación media superior y estructurada en los siguientes capítulos: 1. ¿Qué es el proyecto educativo? 2. Metodología de trabajo. 3. Marco de referencia. 4. Marco operativo. 5. Los proyectos estratégicos-ejes de acción y 6. Seguimiento y evaluación del proyecto. | ||
| 649 | |a XX | ||
| 650 | |a Proyecto Educativo | ||
| 650 | |a Proceso Educativo | ||
| 650 | |a Administración Educativa | ||
| 650 | |a Ciencias Administrativas | ||
| 650 | |a Educación | ||
| 910 | |a Fondo General | ||
| 920 | |a Impresos - Libros | ||
| 930 | |a Colección General | ||
| 905 | |a 101 | ||
| 901 | |a 0500130013 |b IT1 |c ACC |u 20250521 | ||
| 902 | |a https://opac.biblio.iteso.mx/vufind/Record/000187675 | ||